00637nam a2200169Ia 4500008004000000020001800040082001500058100002100073245006500094260003800159300000800197650004900205690002200254906001100276999001900287952016100306210210b1971 xxu||||| |||| 00| 0 eng d a0 333 00879 0 a820.9 DYSS aDYSON (A E), Ed. aShakespeare Measure for measure :a casebook ed by C K Stead. aLondonbMacmillan Press Ltdc1971 a250 aShakespear Measure Critical Essays Case Book aEnglish Criticism a056072 c103508d103508 001040708EnglishaALbALcEnglish Literatured2021-02-17eSita Book House, Mangalore.g310.00l0o820.9 DYSSp056072r2021-02-17 00:00:00w2021-02-17yBK